Statistics for Ultimate TMNT characters quiz

Click here to take the quiz!

General Stats

  • This quiz has been taken 9 times
  • The average score is 26 of 50

Answer Stats

HintVersionAnswer% Correct
Closest friend and sister figureAllApril O’Neil
100%
Hockey loving vigilante and allyAllCasey Jones
100%
Team leaderAllLeonardo
100%
The jokesterAllMichelangelo
100%
The muscleAllRaphael
100%
Main villainAllShredder
100%
The turtles’ masterAllSplinter
100%
The brainsAllDonatello
89%
Shredder’s adopted daughter2003Karai
89%
Evil tentacled alienAllKraang
89%
Crazed scientist, enemy of the turtlesAllBaxter Stockman
78%
Splinter’s human identity2012Hamato Yoshi
78%
Warthog mutant2012Bebop
67%
Crocodilian mutant2003Leatherhead
67%
Raphael’s girlfriend2012Mona Lisa
67%
Rhinoceros mutant2012Rocksteady
67%
Fish mutant2012Xever
67%
Leader of the Earth Protection Force2003Agent Bishop
56%
Actor turned dog mutant2012Chris Bradford
56%
Shredder’s right hand man2003Hun
56%
Skateboarding lizard2012Mondo Gecko
56%
Thieving street gang2003Purple dragons
56%
Witch girl, close friend of Karai2012Shinigami
56%
Alien dinosaurs2012Triceratons
56%
Aliens stuck on earth2003Utrom
56%
First female ninja turtleNext MutationVenus De Milo
56%
Humanoid alien/robot, ally of the turtles2003Professor Honeycutt
44%
Time travelling ally of the turtles2012Renet
44%
Shredder and Krang’s base of operations1987Technodrome
44%
Shredder’s right hand mutant2012Tiger Claw
44%
White fox mutant, close ally of the turtlesIDWAlopex
33%
Shark cyborg, enemy of the turtles2012Armaggon
33%
Mutagen creator, second father of the turtlesRiseBaron Draxum
33%
Villainous spider yokaiRiseBig Mama
33%
Raphael’s pet alien turtle2012Chompy Picasso
33%
April’s best friend and coworker1987Irma
33%
Insectoid alien, enemy of the turtles2012Lord Dregg
33%
Wolf mutant created by Shredder1990’s filmsRhazar
33%
Rabbit samurai and ally of the turtles2003Usagi
33%
Female mutant turtle, ex foot clan memberIDWJennika
22%
Pizza delivering martial artist1990’s filmsKeno
22%
Splinter’s stage nameRiseLou Jitsu
22%
April’s teleporting petRiseMayhem
22%
“Tubular” teens from dimension-X1987Neutrinos
22%
Splinter’s mutated cockroach girlfriendMutant MayhemScumbug
22%
Fly mutant determined to eliminate humansMutant MayhemSuperfly
22%
Turtle mutant created by Shredder1990’s filmsTokka
22%
Evil woman who wants to milk the turtlesMutant MayhemCynthia Utrom
11%
Albino mutant turtle; young childIDWLita
11%
Girlfriend of the aboveIDWSheena
11%

Score Distribution

Percentile by Number Answered

Percent of People with Each Score

Your Score History

You have not taken this quiz